A record of Armour sales. 1881-1924. By Francis henry Cripps-Day
Guardat en:
| Autor principal: | |
|---|---|
| Format: | Llibre |
| Idioma: | anglès |
| Publicat: |
Londres
G. Bell and Sons, Ltd.
1925
|
| Edició: | 1a. ed |
| Matèries: | |
| Etiquetes: |
Afegir etiqueta
Sense etiquetes, Sigues el primer a etiquetar aquest registre!
|
MARC
| LEADER | 00000nam a2200000 a 4500 | ||
|---|---|---|---|
| 001 | UCJ7224 | ||
| 003 | CL-VaPUC | ||
| 008 | 070124e19250000UK |||||||||||||||||eng|d | ||
| 082 | 0 | 4 | |a 623.4 |b CRI |2 21 |
| 100 | 0 | |a Cripps-Day, Francis Henry |e author |9 515396 | |
| 245 | 1 | 2 | |a A record of Armour sales. 1881-1924. By Francis henry Cripps-Day |
| 250 | |a 1a. ed | ||
| 300 | |a lxvii, 327 p | ||
| 942 | |c BK | ||
| 945 | |d 20070124 00:00:00 |a rinostro | ||
| 260 | |a Londres |b G. Bell and Sons, Ltd. |c 1925 | ||
| 500 | |a 4§ mayor, tela.- Anteport.- v. en b.- Front., Fernando, Gran Duque del Tirol.- Portada a dos tintas.- v.- pié de imprenta.- Corrigenda.- Ilustraciones conforme a lo registrado en índice.- Advierte errata | ||
| 650 | 7 | |a PANOPLIA |2 CL-VaPUC |9 506402 | |
| 650 | 0 | |a Armas |9 318202 | |
| 650 | 7 | |a CATALOGO |2 CL-VaPUC |9 381466 | |
| 650 | 0 | |a Ilustraciones |9 369481 | |
| 583 | |a last modification |c 20070124 00:00:00 |k Rodrigo Vera | ||
| 999 | |c 323320 |d 323318 | ||
| 952 | |0 0 |1 0 |4 0 |6 623_400000000000000_CRI_1925 |7 0 |8 X |9 402821 |a FDOBUD |b FDOBUD |d 2019-11-22 |i 1060058 |o 623.4 CRI 1925 |p 1060058 |r 2019-11-22 |w 2019-11-22 |y BK_X |k BUD | ||